00928nam a2200217 a 450000100100000000500170001000800410002702000150006804000250008310000330010824501080014126000270024930000210027649000550029750400320035250400730038471000680045783000620052595201060058799900170069300004191020201002035827.0131015s2005 sp 000 0 spa d a8400083903 aDO-SdBNPbspacBNPHU1 aAmasuno, Marcelino V.96856610aSobre la "aegritudo amoris" y otras cuestiones fisiátricas en la "Celestina" /cMarcelino V. Amasuno. aMadrid :bCSIC,c2005. a347 p. ;c24 cm.1 aAnejos de la revista de filología españolav97 aBibliografía : p. 341-347 aIncluye referencias bibliográficas y notas al pie de las páginas2 aConsejo Superior de Investigaciones Científicas (Roma)968127 0aAnejos de la revista de filología españolav97968508 0010507-18MOaGRbGRcOId2013-10-22iLF1l0o p41910-10r2020-06-25w2020-06-25y1ZNo se presta c41399d41399